00719cam a22002057a 4500003000500000005001700005008004100022010001000063011001000073035001000083040000900093100003900102245007700141260009000218300002700308490006600335650001500401650003100416830006600447CHAP20220329142034.0990331 1997 mx ab r 00010 spa d a77421 a78393 a88301 cCHAP00aCalderón de Rzedowski, Graciela.10aFamilia Compositae Tribu Lactucaec/por Graciela Calderón de Rzedowski aPátzcuaro, Mich. :bInstituto de Ecología A.C. Centro Regional del Bajío,c1997 a55 p. :bilus. ; mapas 0aFlora del Bajío y de Regiones Adyacentes. Fascículov; 5414aCompuestas14aPlantasxIdentificación.0 aFlora del Bajío y de Regiones Adyacentes. Fascículov; 54